00317nam a2200109Ia 4500008004100000082000800041100001300049245002900062942000600091952009500097999001500192240331s9999 xx 000 0 und d bCAR aCarey, G 0aOf mice and men :bnotes cL 001040708LaWERCLbWERCLcSSCd2024-03-31l0o 820 CARp2123r2024-03-31w2024-03-31yL c5504d5504